[Event "TCh-EUR Senior +65 2023"]
[Site "Swidnica POL"]
[Date "2023.07.20"]
[Round "9.5"]
[White "Davis, Lee"]
[Black "Wahlbom, Magnus"]
[Result "1/2-1/2"]
[WhiteElo "1893"]
[BlackElo "2130"]
[Annotator "Kemenade"]
[PlyCount "107"]
[EventDate "2023.07.12"]
[EventType "team-tourn"]
[EventRounds "9"]
[EventCountry "POL"]
[SourceTitle "The Week in Chess 1498"]
[Source "Mark Crowther"]
[SourceDate "2023.07.24"]
[SourceVersion "1"]
[SourceVersionDate "2023.07.24"]
[SourceQuality "2"]
[WhiteTeam "WLS Wales Cymru"]
[BlackTeam "SWE Sweden 1"]

{[%evp 0,107,25,18,19,29,66,12,18,15,15,4,46,9,23,23,23,7,41,18,35,35,45,52,56,48,20,24,35,33,33,15,16,-9,7,-9,-9,-13,-27,-46,-27,-27,-28,-28,-28,-47,-31,-42,-42,-72,-54,-81,-84,-71,-47,-62,-62,-62,-29,-29,-22,-22,-22,-50,-49,-52,-43,-43,3,-43,-37,-26,-24,-20,-18,-74,-48,-48,-48,-48,-48,-32,-27,-81,-17,-98,0,-103,-110,-113,-127,-126,-126,-169,-126,-126,-66,-179,-84,-72,0,0,0,0,0,0,0,0,0,0]} 1. d4 Nf6 2. Nf3 (2. g3 {played by Wh in 150 games, with a score of 52% would have prevented Bl.s response}) 2... b6 {played only once before by Bl vs Vucenovic, EU ch tm Seniors Mali Losinj 2019, 1/2-1/2} (2... e6 {5-4-4 Wahlbom}) 3. g3 Bb7 4. Bg2 e6 5. O-O c5 (5... Be7 {main}) 6. c4 cxd4 7. Nxd4 (7. Qxd4 Nc6 8. Qf4 {scores quite well for Wh}) 7... Bxg2 8. Kxg2 a6 9. b3 Qc7 10. Bb2 Be7 11. Nd2 (11. Nc3 {main, but scores less well than the text}) 11... Qb7+ 12. Kg1 O-O 13. Qc2 d6 14. Rac1 $11 (14. e4 $11 {1-1}) 14... Nbd7 15. N4f3 (15. Rfd1 Rfc8 $11 {Koeniger-Gustavsson, Wurzburg op 1996,0-1}) 15... Rac8 16. Qb1 h6 17. Rfd1 Rfd8 18. Ba1 (18. b4 $11 {KD£.2}) 18... b5 $15 19. Nd4 Ne5 (19... b4 $15) 20. cxb5 axb5 21. Rxc8 Rxc8 22. Rc1 Ra8 $15 23. N2f3 Nxf3+ 24. Nxf3 e5 25. Rc2 Qe4 26. Qc1 Bf8 27. Qd2 Nd5 28. Ne1 $11 Be7 29. Qd3 Qxd3 30. Nxd3 e4 31. Nc1 (31. Nf4 $5 Nb4 (31... Nxf4 $11) 32. Rc7 Bg5 33. Bc3 Nxa2 34. Nd5 Nc1 35. Kf1 Nxb3 36. Rb7 Rc8 37. Rxb5 $11 {KD3.2}) 31... Nb4 32. Rc7 {looks natural to go for some activity} (32. Rd2 Rc8 33. Rd1 Nc2 34. Bb2 b4 35. e3 Na3 36. Kf1 Rc2 37. Bd4 f5 38. Ne2 Rxa2 39. Nf4 Nc2 40. Ng6 Bd8 41. Be5 dxe5 42. Rxd8+ Kf7 43. Nxe5+ Kf6 44. Nc6 $11 {KD3.2}) 32... Bg5 (32... Bd8 $19 {KD3.2} 33. Rb7 Rc8 34. Bb2 Bf6 35. Bxf6 (35. Ba3 Nd5 36. b4 Nc3 $19) 35... Rxc1+ 36. Kg2 gxf6 $19 {KD3.2}) 33. e3 $11 Nxa2 34. Bd4 (34. Ne2 $11) (34. Nxa2 Rxa2 35. Bd4 $11) 34... Nxc1 (34... Bd8 $1 35. Rc6 Nxc1 36. Rxc1 Kf8 37. Rc6 Ke7 38. Bxg7 h5 39. Rc2 Ra3 40. Rd2 Ke6 41. Bf8 Bc7 42. Rc2 Kd7 43. Rb2 $11 {KD3.2}) 35. Rxc1 Ra3 36. Rc8+ Kh7 37. h4 Bf6 38. Bxf6 gxf6 {the split pawns help Wh survive, but it still gets quite tricky} 39. Rc6 Rxb3 40. Rxd6 Kg6 41. Kg2 Rb2 42. Rb6 b4 43. Rb5 (43. g4 $1 $11 {KD3.2}) 43... f5 44. Rb6+ f6 45. Rb7 b3 46. Kg1 Kh5 47. Kg2 f4 48. gxf4 Kxh4 49. Rb6 h5 50. Rxf6 Rc2 51. Rb6 b2 52. Rb5 Rd2 53. Rb8 Kg4 54. Rb5 {looks simple in retrospect, but the players were calculating furiously at almost every move. There two other R endings saved by Lee in this competition when material down} 1/2-1/2

[Event "European Senior Team Chess Championship"]
[Site "Swidnica"]
[Date "2023.07.13"]
[Round "2.24"]
[White "Orlova, Liubov"]
[Black "Hughes, Anthony"]
[Result "0-1"]
[WhiteElo "1990"]
[BlackElo "1850"]
[Annotator "Kemenade"]
[PlyCount "122"]
[EventDate "2023.??.??"]

{[%evp 0,122,25,18,29,20,25,12,23,8,10,-2,16,5,13,-15,11,1,25,33,25,4,24,24,21,21,21,20,42,-8,43,6,15,-49,-44,-62,-11,-55,-32,-60,-21,-50,-35,-68,-76,-87,-61,-81,-72,-72,-72,-80,-75,-85,-94,-98,-65,-77,-43,-83,-73,-146,-133,-128,-136,-136,-136,-143,-118,-125,-69,-233,-224,-281,-226,-226,-221,-247,-248,-254,-188,-250,-244,-237,-242,-259,-266,-266,-278,-266,-266,-275,-303,-301,-256,-367,-325,-330,-309,-330,-309,-301,-277,-373,-352,-438,-438,-412,-445,-628,-633,-667,-654,-678,-605,-626,-634,-627,-629,-726,-713,-739,-674,-1219,-1263]} 1. d4 d5 2. Nf3 Nf6 3. e3 (3. c4 {Orlova 2-1-2}) 3... e6 4. Bd3 Bd6 (4... Be7 {played in a later round} 5. b3 O-O 6. Bb2 Nbd7 7. Nbd2 c5 8. Ne5 Qc7 9. O-O b6 10. Qf3 Bb7 11. Qh3 g6 12. f4 $14 {Kane-Hughes, EU ch tms, Seniors 65+ 2023,1-0}) 5. Nbd2 Nbd7 (5... b6 6. b3 Bb7 7. Bb2 Ne4 8. c4 O-O 9. Qc2 f5 10. O-O Nd7 $11 {Orlova-Beltz, GER ch tm women 2014,0-1}) 6. O-O O-O 7. b3 (7. e4 {main- the original reason playing the Colle & then hoping to sac the B on h7}) 7... c5 (7... e5 $11 {main}) 8. Bb2 Qc7 9. c4 b6 10. Qc2 (10. Rc1) (10. cxd5 {main lines}) 10... Bb7 (10... cxd4 11. exd4 Bb7 $11 {1-1-1}) 11. cxd5 (11. Rac1 $11 {3 Wh wins, two draws}) 11... exd5 12. Rac1 $14 {4 Wh wins, 1 draw} Rfe8 13. Rfe1 $146 (13. h3 {1.5-0.5}) (13. Qb1 Ne4 14. h3 Ndf6 $11 {Baumhackel-Doettling, Dortmund Sparkassen 2000,1-0}) 13... Ne4 14. Nf1 Ndf6 $11 15. dxc5 bxc5 {the usual question is whether the hanging pawns are strong or weak.Here Wh seems not to manage to get her pieces active} 16. Bxf6 (16. Ng3 $11) 16... Nxf6 $15 17. Ng3 Rac8 $17 (17... g6 $17) 18. Bf5 Rcd8 19. Bd3 Rc8 20. Bb5 Red8 21. Nf5 Bf8 22. Qb2 Qb6 23. Be2 g6 24. Ng3 Bg7 $17 25. Qb1 h5 26. Red1 Ng4 27. h3 Nf6 28. Ng5 Qb4 (28... h4 29. Nf1 Bh6 30. Nf3 Re8 31. Nxh4 d4 $17 {KD3.2}) (28... Re8 29. h4 Ng4 30. Bf3 Red8 31. Nf1 Ne5 32. Be2 Re8 $17 {KD3.2. however the Engine is not indicating a clear line of play, just continual probing}) 29. Nf3 (29. Bd3 h4 30. Ne2 Qb6 $15 {KD3.2}) 29... a5 30. Ne1 (30. Bd3 Bc6 $15) 30... h4 $19 31. Nf1 Ne4 32. Nd3 Qb6 33. Bg4 f5 (33... Rb8 $19 {KD3.2}) 34. Bf3 Nc3 (34... d4 {is preferred by the Engine, but humans would be content with winning an exchange} 35. exd4 cxd4 36. Rxc8 Rxc8 37. Re1 Rc3 38. Be2 Qc6 $19 {KD3.2}) 35. Qc2 (35. Rxc3) 35... Nxd1 (35... c4 $1 {KD3.2}) 36. Qxd1 Qd6 (36... c4 37. Ne1 c3 38. Nc2 d4 $19 {KD3.2, opens up all lines to exploit the R}) 37. Nd2 Bf6 38. Nf4 g5 39. Ne2 Kg7 (39... Ba6) 40. Nc3 Bc6 (40... d4) 41. Qc2 Qe5 42. Nf1 Qxc3 43. Qxc3 Bxc3 44. Rxc3 d4 45. exd4 Bxf3 46. Rxf3 cxd4 47. Rd3 Rc3 (47... Rc1) 48. Rd1 Kg6 (48... Kf6) 49. Nd2 Rd3 (49... d3 50. Nf1 g4 {KD3.2}) 50. Kf1 Re8 51. a3 Re6 (51... g4) 52. b4 a4 53. b5 g4 54. b6 Rxb6 55. Ke2 Rxa3 (55... Rc3) 56. Nc4 Ra2+ 57. Kd3 Rb3+ 58. Kxd4 Rxf2 59. Ne5+ Kg5 60. Ra1 a3 61. Nd3 Rd2 0-1

[Event "European Senior Team Chess Championship"]
[Site "Swidnica"]
[Date "2023.07.15"]
[Round "4.36"]
[White "Hughes, Anthony"]
[Black "Petanjek, Zvonko"]
[Result "1-0"]
[WhiteElo "1850"]
[BlackElo "1595"]
[Annotator "Kemenade"]
[PlyCount "77"]
[EventDate "2023.??.??"]

{[%evp 0,77,16,-12,11,-16,-3,-3,80,49,63,73,112,109,115,77,142,111,223,227,237,208,238,218,286,241,246,227,252,216,219,213,215,183,251,136,219,207,221,202,210,202,200,190,238,237,236,236,277,259,269,224,263,244,279,284,273,271,293,269,291,274,271,258,262,254,258,259,259,258,296,296,339,302,312,324,329,329,351,455]} 1. c4 e6 2. Nc3 Nf6 3. e4 {Hughes 2-3} h6 {too cautious, 7-1} (3... d5 {main line}) (3... c5 4. e5 Ng8 5. Nf3 Nc6 6. d4 cxd4 7. Nxd4 Nxe5 {is an interesting Wh gambit, second most employed}) 4. e5 Nh7 5. Nf3 (5. d4 d6 (5... d5 {1-1}) 6. Nf3 {2-0}) 5... Be7 6. d4 Ng5 $146 (6... b6 7. Bd3 $18 {2-0}) (6... O-O 7. Be3 {1-0}) 7. Bd3 (7. h4 $18 {KD3.2} Nxf3+ 8. Qxf3 d5 (8... Bxh4 9. Qg4 Be7 10. Qxg7 Rf8 11. Bxh6) 9. Be3) 7... O-O 8. Qe2 (8. h4) 8... g6 9. h4 Nxf3+ 10. Qxf3 h5 (10... Kg7 11. h5 g5 12. Qe4 Rh8 13. f4 $18 {KD3.2}) 11. Bh6 (11. g4 $1 {should break through quicker}) 11... f5 12. Bxf8 (12. exf6 Rxf6 13. Qg3 $18 {KD3.2 prefers opening up the position around the K to taking the exchange}) 12... Qxf8 13. Qf4 (13. O-O-O {avoids a possible Q swap}) 13... Kh7 14. O-O Qh6 15. Qxh6+ (15. Qg3 Nc6 16. d5 f4 17. Qxg6+ Qxg6 18. Bxg6+ Kxg6 19. dxc6 bxc6 20. g3 $18 {KD3.2- often two Bs are enough to hold R&N combination, but here Bl's pawn structure is hardly helpful for their activity}) 15... Kxh6 16. Nb5 Bd8 17. g3 (17. d5 {KD3.2 Wh needs to open up the position}) 17... a6 18. Na3 Be7 19. Nc2 b6 20. Rfe1 Bb7 21. Bf1 Be4 22. Bg2 Bxg2 23. Kxg2 Kg7 {Bl hopes to survive by digging in} 24. Rad1 {in what follows the Engine suggests d5 as most incisive at every move. Wh wants to redeploy his forces to maximum effect. Often, when breaking into a passive structure, the opposing pieces suddenly aquire some activity as well.} (24. d5) 24... Kf7 25. Kf3 c6 26. Re2 b5 27. b3 Ra7 28. Ne3 Rb7 29. Rc2 b4 30. Ng2 a5 31. Nf4 Ra7 32. Nd3 Na6 33. Nb2 Rb7 34. Na4 c5 {Bl forces Wh into a move the Engine has wanted for the last ten moves} 35. d5 Bf8 36. dxe6+ (36. Rcd2 {also}) 36... Kxe6 37. Rd5 Be7 38. Rcd2 Bf8 {there is not much better Wh remains with an extra N, and Bl has no activity for hir R either.} 39. Rd6+ 1-0

[Event "TCh-EUR Senior +65 2023"]
[Site "Swidnica POL"]
[Date "2023.07.18"]
[Round "7.8"]
[White "Hughes, Anthony"]
[Black "Daleczko, W.."]
[Result "1-0"]
[WhiteElo "1850"]
[BlackElo "1519"]
[Annotator "Kemenade"]
[PlyCount "49"]
[EventDate "2023.07.12"]
[EventType "team-tourn"]
[EventRounds "9"]
[EventCountry "POL"]
[SourceTitle "The Week in Chess 1498"]
[Source "Mark Crowther"]
[SourceDate "2023.07.24"]
[SourceVersion "1"]
[SourceVersionDate "2023.07.24"]
[SourceQuality "2"]
[WhiteTeam "WLS Wales Cymru"]
[BlackTeam "POL Lower Silesia 2"]

1. c4 e5 2. Nc3 (2. b3 f5 3. Bb2 d6 4. g3 Nf6 5. Bg2 Nc6 6. Nf3 Be7 7. O-O h6 8. a3 Be6 {Guzewicz-Daleczko, Wroclaw ch 2004, 1-0 ; Bl later 0-0-0 and Wh's attack there was quicker}) 2... Nc6 3. g3 d6 (3... f5 4. d3 Nf6 5. Bg2 d6 6. e4 Be7 7. Nge2 O-O 8. O-O Qe8 {Hughes-Van Kemenade, S Wales International 2022,0-1}) (3... g6 {main}) 4. Bg2 Be6 5. d3 Qd7 6. e4 (6. Rb1 {main, a warning signal}) 6... Nd4 (6... g6) (6... Nge7) 7. h3 (7. Be3 {main}) 7... O-O-O {looks too risky- especially since Bl's N defender is no longer there. Wh can mount an attack quite quickly, while Wh's can stay safe in the centre} (7... Ne7 $11 {2-1}) 8. Nge2 $16 Nxe2 9. Qxe2 Ne7 10. Be3 (10. b4) 10... Nc6 {a replacement, but this itself becomes a target} 11. a3 (11. Rb1 {Rudy}) (11. b4 {KD3.2}) 11... h6 12. b4 Nd4 13. Bxd4 exd4 14. Nb5 (14. Nd5 $16 {KD3.2}) 14... g5 {given by KD3.2 but this is not attacking anything, just a B going offside to protect a pawn} (14... Kb8) 15. Nxa7+ Kb8 16. Nb5 Bg7 17. Qa2 (17. a4 $16 {KD3.2 threatening to push it up the board}) 17... c6 {moving pawns on the side where you are under attack is seldom a good idea, especially in front of the K} (17... f5 $11) (17... Rhe8 $11 {KD3.2 both moves looking at the Wh K}) 18. a4 {the a file and mobile pawn mass should be more than enough.} cxb5 $2 (18... f5 {Bl should resist temptation} 19. Na3 Rhf8 20. b5 f4 21. gxf4 Rxf4 22. a5 Be5 23. a6 $14 {KD3.2- though the position is easier to play for Wh}) 19. axb5 $18 Kc7 {The Engine suggests that Bl's best here is to give up the Q!} (19... Qxb5 $18) 20. Qa5+ (20. b6+ {is quickest-KD3.2} Kc6 21. Qa5 Bxc4 22. e5+ Bd5 23. Rc1#) 20... Kc8 21. Qa8+ Kc7 22. b6+ Kxb6 23. Qa5+ Kc6 24. e5+ d5 25. Qc5# 1-0

[Event "European Seniors 65+"]
[Site "?"]
[Date "2023.07.13"]
[Round "2.1"]
[White "Van Kemenade, R.."]
[Black "Burchardt, Brigitte"]
[Result "0-1"]
[WhiteElo "1924"]
[BlackElo "2142"]
[Annotator "Kemenade"]
[PlyCount "38"]
[EventDate "2023.07.10"]

{[%evp 0,25,26,26,51,52,80,54,51,35,64,53,39,24,19,12,19,23,27,28,18,19,26,-16,2,-12,8,-136]} 1. e4 c5 2. Nf3 d6 3. Bb5+ Bd7 4. Bxd7+ Qxd7 5. O-O Nc6 6. c3 Nf6 7. d4 {Bl thought for 3/4 of an hour here, wondering whether to take on e4.} e6 (7... cxd4 8. cxd4 d5 9. e5 Ne4 10. Ne1 f6 11. f3 Ng5 12. Bxg5 fxg5 13. Nc3 {Kunze-Burchardt, DDR ch women 190,1/2-1/2}) (7... e5 8. dxc5 dxc5 9. Qe2 Be7 10. Rd1 Qc7 {Lorenz-Burchardt, BL2 Ost 2018,1/2-1/2}) 8. Re1 (8. d5 {main, feared by Bl} Ne5 9. Nxe5 (9. dxe6 Nxf3+ 10. Qxf3 fxe6 11. Rd1 Qc6 12. Nd2 Be7 13. e5 Qxf3 14. Nxf3 dxe5 15. Nxe5 $14 {Van Kemenade-Westra, Scunthorpe 1989,0-1}) 9... dxe5 10. dxe6 Qxe6 11. Qa4+ Qd7 12. Qxd7+ Kxd7 13. f3 {1-3-1}) (8. Qe2 cxd4 9. cxd4 d5 10. e5 Ne4 11. Be3) 8... cxd4 9. cxd4 d5 10. e5 Ne4 11. Re2 (11. Nbd2 Nxd2 12. Bxd2 Be7 13. Rc1 {main, 51% Wh}) 11... h6 (11... Be7 12. Ne1 {5-2-3}) 12. Ne1 Rc8 13. f3 $2 {noticing too late the B is loose} (13. Be3 Be7 14. f3 (14. Nd3 b6 15. f3 Ng5 16. Nc3 {2 draws}) 14... Ng5 15. Nd2 O-O 16. Nf1 (16. Nd3 Nb4 17. Nxb4 Bxb4 18. Nb3 $11) 16... f6 17. exf6 Bxf6 18. Ng3 Qf7 19. Qd3 $11 {Wagner-Kroneder, Pyramiden Franken op 2014,1-0}) 13... Nxd4 $19 14. Re3 Ng5 15. Nd3 (15. Nc3 Nf5 16. Rd3 Bb4 $19 {KD3.2}) 15... Nc2 16. Re2 Nxa1 17. Nc3 (17. h4 Ne4 18. fxe4 dxe4 19. Rxe4 Rd8 $19 {KD3.2}) 17... d4 18. f4 dxc3 19. fxg5 c2 0-1

[Event "European Senior Team Chess Championship"]
[Site "Swidnica"]
[Date "2023.07.14"]
[Round "3.1"]
[White "Orton, Stephen"]
[Black "Van Kemenade, R.."]
[Result "1-0"]
[WhiteElo "2133"]
[BlackElo "1934"]
[Annotator "Kemenade"]
[PlyCount "81"]
[EventDate "2023.??.??"]

1. e4 e5 2. Nf3 Nf6 3. Nxe5 d6 4. Nf3 Nxe4 5. Nc3 Nxc3 6. dxc3 Be7 7. Be3 O-O 8. Qd2 Nd7 9. O-O-O Nf6 10. Bd3 (10. h3 c5 11. g4 Be6 12. c4 b5 {Toczek-Van Kemenade, WLS blitz 2023,0-1}) 10... c5 11. Ng5 {uncommon- others 5-0; 5-3 vk , though at least one should have gone the other way} (11. Rhe1 {main}) 11... d5 $15 {Cloud Engines} (11... Qa5 12. Kb1 $11 {2-1 others, 5-1 vk}) (11... b5 $11 12. Bxb5 Qa5 13. Bc4 h6 14. h4 d5 (14... Bg4 $17) 15. Bxd5 hxg5 16. hxg5 Nxd5 17. Qxd5 {Larrea- Rinaudo, Porto San Giorgio op 2016,1-0}) 12. c4 (12. f4 {0-1 vk}) (12. h4 {0-1 vk}) 12... d4 (12... h6 13. h4 d4 14. Bf4 b5 $15 {KD3.2, considered}) (12... b5 {considered, too wild} 13. cxd5 h6 (13... c4 14. d6 $16) 14. Ne4 c4 15. d6 cxd3 16. Qxd3 Nxe4 17. Qxe4 Be6 18. dxe7 Qxe7 19. Qe5 Rac8 $14 {KD3.2}) 13. Bf4 b5 {SF15 & KD3.2} 14. Rde1 (14. cxb5 a6 15. b6 Qxb6 $15 {KD3.2}) 14... bxc4 (14... h6 15. h4 Bb7 16. cxb5 a6 17. b6 Bd6 18. Ne4 Bxe4 19. Bxe4 Rb8 20. Bxh6 Re8 (20... gxh6 21. Qxh6 Re8 22. Qg5+ Kh8 23. Qh6+ $11) 21. Bxg7 Rxe4 22. Rxe4 Nxe4 23. Qh6 f5 24. Be5 Bxe5 25. Qe6+ Kg7 26. Qxe5+ Nf6 27. Qxf5 Qxb6 28. b3 Re8 29. h5 $11 {KD3.2}) 15. Bxc4 Bd6 (15... h6 16. h4 Bd6 $11 (16... a5 $11 {KD3.2})) 16. Re2 (16. Be5 {looked at by Bl} Bxe5 17. Rxe5 Bb7 18. Qd3 h6 19. h4 Qd6 20. Rhe1 Rad8 21. Bxf7+ Rxf7 22. Nxf7 Kxf7 23. g4 $16 {KD3.2}) 16... Bb7 (16... h6 17. Nxf7 Rxf7 18. Bxh6 Rb8 19. Qg5 Qf8 20. Qg6 Bg4 21. Bxg7 Qxg7 22. Bxf7+ Kf8 23. f3 Bf4+ 24. Kb1 Qxf7 25. Qxf7+ Kxf7 26. fxg4 Be3 27. Rf1 Ke6 28. Rxe3+ dxe3 29. Re1 Nxg4 30. h3 Kd5 31. hxg4 Ke4 $11 {KD3.2}) 17. Rhe1 (17. Be5 Bxe5 18. Rxe5 h6 19. Bxf7+ Rxf7 20. Nxf7 Kxf7 21. Rxc5 Bxg2 22. Re1 Qd6 23. Rce5 Rd8 $11 {KD3.2}) 17... Bd5 18. Bxd5 Nxd5 19. Bxd6 Qxd6 $17 20. Ne4 Qc6 (20... Qb6 $19 {not played because Bl saw} 21. c3 (21. c4 d3 22. cxd5 (22. Qxd3 Nf4) 22... dxe2 23. d6 Qa6 24. Kb1 Qc6 25. Qxe2 Rfe8 $17 {KD3.2}) (21. Rd1 Rab8 22. b3 Qa6 23. a4 (23. Kb1 Rbe8 (23... f5 24. c4 Qxc4 25. Rc1 Rxb3+ 26. axb3 Qxb3+ 27. Qb2 Qd3+ 28. Ka1 fxe4 29. Rxc5 Nc3 $19) 24. f3 Nc3+ 25. Nxc3 dxc3 $19 {KD3.2}) 23... Rfc8 24. Qd3 c4) 21... Rad8 $1 {KD3.2} (21... Rfd8 $19) (21... d3 22. Qxd3 Nf4 23. Qc4 Nxe2+ 24. Rxe2 Qh6+ 25. Kc2 Qxh2 $19 {KD3.2}) 22. Rd1 (22. Kb1 d3 $19) (22. cxd4 cxd4 23. Kb1 (23. g4 Nb4 24. a3 Qc6+ 25. Kb1 d3 26. Re3 Qc2+) 23... f5 24. Ng3 Nc3+ $19) (22. c4 Nb4 (22... d3) 23. b3 a5 (23... d3 24. Re3 Nc2) 24. Rd1 a4 25. a3 Nc6 26. bxa4 Ne5 27. Qb2 Qc6 28. f4 d3 29. Ree1 Nxc4 30. Qb3 Rd4 31. Nd2 Nxd2 32. Rxd2 c4 33. Qc3 Rdd8 34. Rb2 Rb8 35. Rb5 Rxb5 (35... Rfd8 36. Rd1 Rxb5 37. axb5) 36. axb5 Qxb5 37. Re4 Rc8 $19 {KD3.2}) 22... f5 23. Ng5 Qa6 24. Ne6 Rb8 25. Qd3 Qxa2 26. Rc2 Rfe8 $19 {KD3.2}) 21. g3 (21. Ng3 g6 22. Re5 Rfd8 23. Qh6 Qf6 24. Qg5 Qxf2 25. R5e2 Qf4+ 26. Qxf4 Nxf4 27. Rf2 Nd5 $17 {KD3.2}) 21... h6 {threatening to win a N, and keeping an eye on back rank , however} (21... Rab8 $19 {looked at in pm analysis, & first idea} 22. Qd3 (22. b3 Rfd8 (22... h6 $19) 23. Qa5 d3 $1 24. Rd2 Nb4 25. Qxc5 (25. c3 Nc2 $19) 25... Qa6 26. c4 Nxa2+ 27. Kb2 Nb4 28. Ra1 Qb7 $19 {KD3.2}) (22. a3 Rfd8 23. Qa5 c4 24. Rd1 Qb7 25. b4 cxb3 26. Rxd4 bxc2 27. Rxc2 Qb1+ 28. Kd2 Nc7 29. Rd6 Ne6 $19 {KD3.2}) 22... Nb4 23. Qc4 d3 24. cxd3 Rfd8 25. Re3 Rd4 26. Qxc5 Rxe4 27. Qxc6 Rxe3 28. Rxe3 Nxc6 $19 {KD3.2}) (21... Nb4 {2nd line of KD3 & PowerFritz18} 22. a3 d3 23. cxd3 c4 24. axb4 cxd3+ 25. Qc3 Qxc3+ 26. bxc3 dxe2 27. Rxe2 Rfe8 $19) 22. Qd3 Rab8 (22... Rad8 {KD3.2 & PowerFritz18}) (22... Nb4 23. Qc4 Rad8 24. Qxc5 Qb7 25. a3 Nd3+ 26. cxd3 Rc8 $17 {KD3.2}) 23. Qc4 (23. a3 Nb6 24. Nd2 c4 25. Qxd4 Rfd8 26. Qc3 Na4 27. Qf3 Qb5 28. b4 cxb3 29. Nxb3 Rdc8 30. Re3 a5 $15 {KD3.2}) 23... Rfc8 24. Nxc5 (24. c3 Nb6 25. Qd3 Na4 26. Qc4 a5 27. Kb1 Rd8 $19 {KD3.2}) 24... Rb4 {both players initially thought this was winning immediatel for Bl} (24... Rb5 $1 25. Nd7 Qxd7 (25... Qxc4 26. Re8+ Rxe8 27. Rxe8+ Kh7 28. Nf8+ $11) 26. Qxc8+ Qxc8 27. Re8+ Qxe8 28. Rxe8+ Kh7 $19 {KD3.2 & PowerFritz18}) (24... Qb6 25. Qxd4 Rxc5 26. Re8+ Kh7 27. Qd3+ g6 $19) 25. Qd3 g6 (25... Rb5 $1 {both Engines} 26. Na6 (26. Nb3 Nb4 27. Qe4 (27. Qxd4 Nxc2 28. Re8+ Rxe8 29. Rxe8+ Qxe8 30. Kxc2 Rb8) 27... Nxa2+ 28. Kb1 Nc3+ 29. bxc3 Qxc3 30. Qf4 Rc6 31. Qd2 Rxb3+ 32. cxb3 Qxb3+ 33. Qb2 Qd3+ 34. Rc2 Rb6 $19) 26... Ra5 27. b4 Rxa2 28. b5 Qa8 29. c4 Rxe2 30. Rxe2 Nc3 31. Re5 Qg2 (31... Qh1+ 32. Kb2 Rd8 33. Nc5 Nd1+ 34. Ka2 Nxf2 $19) 32. Qxd4 f6 33. Re7 Qf1+ 34. Kb2 Rxc4 $19 {KD3.2}) 26. Nb3 (26. Re6 {suggested by Wh in pm analysis, but we decided it was just a perpetual} Qxc5 27. Rxg6+ fxg6 28. Qxg6+ Kf8 29. Qxh6+ Kf7 30. Qh7+ Kf8 31. Qh6+ $11 {KD3.2}) (26. a3 $1 {both Engines} Rb5 27. Nb3 $18) 26... Qa4 (26... Qd7 {PowerFritz18 gives as slight Wh advantage} 27. a3 Rbc4 28. Rd2 $18 {KD3.2}) 27. Kb1 (27. Qf3 Qc6 28. a3 Rc4 29. Qe4 $18 {KD3.2}) 27... Nc3+ {looked promising, however} (27... Rbb8 $1 {KD3.2} 28. Qxd4 (28. Qe4 Nb4 29. Nc1 d3 30. cxd3 Qb5 31. Rg1 Nd5 32. Nb3 Nb4 33. Nc1 Nd5 $11 {KD3.2}) (28. c3 Nxc3+ 29. bxc3 Rxc3 30. Qd1 Rbxb3+ 31. axb3 Rxb3+ 32. Rb2 Rxb2+ 33. Kxb2 Qb4+ {perpetual- KD3.2}) 28... Qxd4 29. Nxd4 Nc3+ 30. Kc1 Nxe2+ 31. Rxe2 h5 $11 {KD3.2}) 28. bxc3 dxc3 29. Qd1 (29. Ka1 Qa3 30. Rb1 {was distrusted by Wh; Bl had seen} Qxa2+ 31. Kxa2 Ra4#) (29. Qd5 $1 {KD3.2} Rf8 (29... Qa3 30. Re8+ Rxe8 31. Rxe8+ Kg7 32. Qe5+ f6 33. Qe7#) 30. Re3 Rc4 31. Qa5 $18) 29... a5 30. Qc1 (30. Qd5) 30... Qb5 (30... Qc6 {is better, but then} 31. Qa3 (31. f3 {pm analysis} a4 32. Re4 Rxe4 33. Rxe4 axb3 34. axb3 (34. cxb3 c2+ $19) 34... Qd6 35. Qe1 Qa3 36. Qc1 Qd6 $11 {KD3.2}) 31... Ra8 32. Re5 Qb6 33. Re8+ Rxe8 34. Rxe8+ Kh7 35. Re3 Qd4 36. Qc1 a4 37. Qe1 axb3 38. axb3 Rb7 39. Qxc3 $18 {KD3.2}) (30... Kg7 {pm analysis} 31. Re5 Rb6 32. Ka1 Rb5 33. f4 Rc4 34. Rxb5 Qxb5 35. Qa3 a4 36. Nc1 Qd5 37. Re8 Qd1 38. Qf8+ Kf6 39. Qe7+ Kf5 (39... Kg7 40. Qe5+) 40. Qxf7+ Kg4 41. Qxg6+ Kh3 (41... Kf3 42. Qh5+) 42. Qxh6+ Kg2 43. Re2+ Kh1 44. f5 $18 {KD3.2}) 31. Re5 Qb6 32. Qxh6 $1 Qc6 33. Rxa5 Ra4 34. Rc5 Qa8 35. Rxc8+ Qxc8 36. Qe3 Ra8 37. Qc5 Qa6 38. Qxc3 (38. a3) 38... Qxa2+ 39. Kc1 Qa3+ 40. Qb2 Qb4 41. Re3 1-0